[Event "NIV-Colomiers2/Rodez"]
[Site "Colomiers"]
[Date "2009.12.13"]
[Round "4.4"]
[White "Nenert, Louis"]
[Black "Ruault, Vincent"]
[Result "1-0"]
[WhiteElo "1760"]
[BlackElo "1710"]
[Annotator "Fritz 8"]
[PlyCount "79"]
[EventDate "2009.??.??"]

1. e4 e6 2. d3 d5 3. Nd2 Nf6 4. Ngf3 c5 5. g3 {dernier coup de la bibliothèque}
h5 6. Bg2 Nc6 7. O-O Ng4 8. h3 h4 $18 ({2.03 Fritz 8:} 8... Nf6 9. exd5 Nxd5
10. Ne4 Be7 11. d4 h4 12. c4 Nf6 $14 {[%eval 56,11]}) 9. Nxh4 $16 ({
0.81 Fritz 8:} 9. hxg4 hxg3 10. fxg3 Bd6 11. exd5 exd5 12. Qe1+ Qe7 13. g5 Be6
14. g6 $18 {[%eval 203,10]}) 9... Be7 $2 $18 ({2.50 Fritz 8:} 9... Nf6 10. exd5
exd5 11. Re1+ Be7 12. Nb3 Kf8 13. Be3 d4 14. Bg5 Nd7 15. Bxe7+ Nxe7 $16 {
[%eval 81,10]}) 10. Ng6 $2 $14 ({0.62 Fritz 8:} 10. hxg4 Bxh4 11. exd5 exd5 12.
gxh4 Qxh4 $18 {[%eval 250,9]}) 10... fxg6 11. Qxg4 Kf7 12. f4 Bf6 13. e5 Be7
14. c3 Rh6 15. Nf3 Rh5 16. Ng5+ Bxg5 17. fxg5+ Ke7 18. Qf4 Qe8 19. Bd2 Bd7 20.
Rf2 Rh8 21. Qg4 Nxe5 22. Qe2 Nc6 23. h4 Kd8 24. Raf1 Ne7 25. Bh3 Nf5 26. Bf4 b6
27. Qe5 Rc8 28. Bxf5 exf5 29. Qxg7 Rg8 $18 ({1.69 Fritz 8:} 29... Rc6 30. Qe5
Qxe5 31. Bxe5 Re8 32. d4 a6 33. g4 $16 {[%eval 91,10]}) 30. Qf6+ Qe7 31. Re2
Qxf6 32. gxf6 Rc6 33. Bg5 Rf8 34. Rfe1 Rcxf6 $18 ({2.84 Fritz 8:} 34... Kc7 35.
Kf2 d4 36. Re7 Rfxf6 37. Bxf6 Rxf6 38. cxd4 cxd4 39. Kf3 Rc6 40. Kf4 $18 {
[%eval 184,12]}) 35. Bxf6+ Rxf6 36. d4 cxd4 37. cxd4 Rf7 38. Re5 f4 39. Kf2 Kc7
40. Rxd5 1-0

[Event "NIV-Colomiers2/Rodez"]
[Site "Colomiers"]
[Date "2009.12.13"]
[Round "4.5"]
[White "Ruault, Nicolas"]
[Black "Martinez, Loîc"]
[Result "0-1"]
[WhiteElo "1760"]
[BlackElo "1722"]
[Annotator "Fritz 8"]
[PlyCount "62"]
[EventDate "2009.??.??"]

1. Nf3 b6 2. g3 Bb7 3. Bg2 Nf6 4. O-O e6 5. d4 d5 {
dernier coup de la bibliothèque} 6. b3 Nbd7 7. Bb2 Ne4 8. Re1 Bb4 9. c3 Bd6 10.
c4 Bb4 11. Nbd2 Nxd2 12. Nxd2 Qg5 13. f4 Qg6 14. a3 Bxd2 15. Qxd2 Nf6 16. Rac1
O-O 17. cxd5 Bxd5 18. Bxd5 exd5 19. Rxc7 Ne4 20. Qd3 h5 21. Rec1 h4 22. R1c6
Qf5 23. Kg2 g6 24. Bc1 Kg7 25. Qf3 Nf6 26. Re7 Rac8 27. Re5 $4 $19 ({
-5.50 Fritz 8:} 27. Rcc7 Rxc7 28. Rxc7 Rc8 29. Rxc8 Qxc8 30. Bd2 Ne4 31. Qe3
Qf5 32. Be1 h3+ 33. Kg1 $11 {[%eval -6,10]}) 27... h3+ 28. Kf1 $2 $19 ({
-9.41 Fritz 8:} 28. Kf2 Ng4+ 29. Ke1 Nxe5 30. fxe5 Qxf3 31. exf3 Rxc6 32. Bd2
f6 33. Ke2 fxe5 34. dxe5 Rf5 35. f4 g5 $19 {[%eval -581,13]}) 28... Rxc6 29.
Rxf5 Rxc1+ 30. Kf2 Ne4+ 31. Ke3 $2 ({-#1 Fritz 8:} 31. Qxe4 dxe4 32. Re5 Rh1
33. g4 Rh8 34. Kg3 Rg1+ 35. Kf2 Rg2+ 36. Kf1 Rxh2 $19 {[%eval -737,15]}) 31...
Rc3# 0-1

[Event "NIV-Colomiers2/Rodez"]
[Site "Colomiers"]
[Date "2009.12.13"]
[Round "4.6"]
[White "De Biasi, Robert"]
[Black "Nassar, Christophe"]
[Result "1-0"]
[WhiteElo "1764"]
[BlackElo "173"]
[Annotator "Fritz 8"]
[PlyCount "69"]
[EventDate "2009.??.??"]

1. c4 Nf6 2. Nc3 g6 3. g3 Bg7 4. Bg2 d6 5. e3 O-O 6. Nge2 {
dernier coup de la bibliothèque} Nc6 7. d4 e5 8. d5 Ne7 9. O-O Nd7 10. e4 f5
11. f4 Nb6 12. b3 fxe4 13. Bxe4 Bg4 14. Qc2 Bxe2 15. Qxe2 exf4 16. Bb2 fxg3 17.
Rxf8+ Qxf8 18. hxg3 a6 19. Rf1 Qc8 20. Kg2 Qd7 21. Nd1 Bh6 $16 ({0.91 Fritz 8:
} 21... Rf8 $11 {[%eval -13,11]}) 22. Ne3 Bxe3 $2 $18 ({5.66 Fritz 8:} 22...
Rf8 23. Ng4 Bg5 24. Bf6 h5 25. Bxg5 hxg4 26. Rxf8+ Kxf8 27. Bd3 c5 28. a3 $16 {
[%eval 109,10]}) 23. Qxe3 Nf5 $2 $18 ({15.44 Fritz 8:} 23... Qg4 24. Qd4 Qe2+
25. Rf2 Qxb2 26. Rxb2 Nd7 27. Rf2 Ne5 $18 {[%eval 569,9]}) 24. Bxf5 gxf5 $2 ({
#8 Fritz 8:} 24... Re8 25. Be6+ Rxe6 26. dxe6 Qc6+ 27. Kh2 Qh1+ 28. Rxh1 $18 {
[%eval 1575,11]}) 25. Qd4 Rf8 26. Qh8+ Kf7 27. Qf6+ Kg8 28. Qh8+ $2 $11 ({
0.00 Fritz 8:} 28. Qg5+ Kf7 29. Qg7+ Ke8 30. Re1+ Qe6 31. Rxe6+ Kd8 32. Qxf8+ {
[%eval 32761,4]}) 28... Kf7 29. Qxh7+ $2 $18 ({6.28 Fritz 8:} 29. Qg7+ Ke8 30.
Re1+ Qe6 31. Rxe6+ Kd8 32. Qxf8+ Kd7 33. Qe8# {[%eval 32762,4]}) 29... Ke8 30.
Re1+ Kd8 31. Bf6+ Kc8 32. Re7 Qd8 $2 $18 ({8.34 Fritz 8:} 32... f4 33. Rxd7
Nxd7 34. Be7 f3+ 35. Kf2 Re8 36. Qf7 Rh8 $18 {[%eval 628,11]}) 33. Rf7 Rxf7 34.
Qxf7 Qd7 $2 ({#2 Fritz 8:} 34... Nd7 35. Bxd8 Kxd8 $18 {[%eval 894,14]}) 35.
Qf8+ 1-0

[Event "NIV-Colomiers2/Rodez"]
[Site "Colomiers"]
[Date "2009.12.13"]
[Round "4.7"]
[White "Barrera, Charles"]
[Black "Cremers, Bertrand"]
[Result "1-0"]
[WhiteElo "1730"]
[BlackElo "1660"]
[Annotator "Fritz 8"]
[PlyCount "139"]
[EventDate "2009.??.??"]

1. d4 Nf6 2. Nf3 g6 3. g3 Bg7 4. c4 O-O 5. Bg2 d6 6. Nc3 Nbd7 7. O-O c5 8. d5
a6 {dernier coup de la bibliothèque} 9. Qc2 Rb8 10. a4 Nb6 11. Nd2 Bd7 12. e4
Ng4 13. b3 Bd4 14. Nf3 Bg7 15. Bb2 Ne5 16. Nxe5 Bxe5 17. Ne2 f6 18. f4 Bxb2 19.
Qxb2 e5 20. dxe6 Bxe6 21. Nc3 Qd7 $18 ({1.91 Fritz 8:} 21... Qe7 22. Rad1 Nd7
23. Qd2 Rfe8 24. Qxd6 Bg4 25. Qxe7 $16 {[%eval 109,11]}) 22. Rad1 $16 ({
1.19 Fritz 8:} 22. a5 Nc8 23. f5 Bf7 24. fxg6 hxg6 25. Rxf6 Ne7 26. Qd2 Be6 $18
{[%eval 191,11]}) 22... Nc8 $18 ({1.81 Fritz 8:} 22... Rbe8 23. a5 Nc8 24. f5
gxf5 25. exf5 Bxf5 26. b4 Bg4 27. Rd3 Be6 28. Bd5 Bxd5 $16 {[%eval 119,10]})
23. Nd5 $14 ({0.56 Fritz 8:} 23. f5 Bf7 24. fxg6 hxg6 25. Rxf6 Qe7 26. Rdf1 Na7
27. Qd2 Qe5 28. a5 Nc6 $18 {[%eval 181,11]}) 23... Bxd5 24. Rxd5 Ne7 25. Rd3
Nc6 26. Rfd1 Nd4 27. Re3 $11 ({-0.19 Fritz 8:} 27. Rxd4 cxd4 28. Qxd4 Qg4 29.
Qxd6 Rbe8 30. c5 $14 {[%eval 63,12]}) 27... Rfe8 28. Rde1 b5 29. axb5 axb5 30.
e5 $17 ({-1.09 Fritz 8:} 30. Bf1 f5 31. Qg2 fxe4 32. Rxe4 b4 33. R1e3 Qf7 34.
Bd3 Nxb3 35. Rxe8+ Rxe8 $15 {[%eval -44,10]}) 30... fxe5 31. Bd5+ Kf8 $15 ({
-0.37 Fritz 8:} 31... Kh8 32. fxe5 bxc4 33. Bxc4 d5 34. Bf1 Qe6 35. Rc1 Qe7 $17
{[%eval -109,11]}) 32. fxe5 dxe5 33. Qf2+ Qf5 34. Qg2 Kg7 35. Rf1 Qg5 36. Rf7+
Kh8 37. Qf2 Nf5 38. Re4 $17 ({-1.00 Fritz 8:} 38. Re1 bxc4 39. bxc4 Nh6 40. Rc7
Ng4 41. Qe2 Rb3 42. Rxc5 $11 {[%eval -3,10]}) 38... Qc1+ $14 ({0.28 Fritz 8:} 
38... bxc4 39. Bxc4 Nd6 40. Rg4 Qd8 41. Rh4 h5 42. Rf3 $17 {[%eval -100,10]})
39. Re1 Qg5 40. Qxc5 bxc4 41. bxc4 h5 $16 ({1.28 Fritz 8:} 41... Qd2 42. Qf2
Qd4 43. Qxd4 exd4 44. Rd1 Rf8 45. Rxf8+ Rxf8 46. Rf1 $14 {[%eval 34,10]}) 42.
Qa7 Qh6 43. Qa1 Nd4 $2 $18 ({3.25 Fritz 8:} 43... Ne3 44. Qa6 Ng4 45. Qa7 Rb3
46. Qd7 Reb8 $16 {[%eval 137,10]}) 44. Qa7 $2 $11 ({0.00 Fritz 8:} 44. Qa6 Ne6
45. Bxe6 Qd2 46. Ref1 Qd4+ 47. Kh1 Qe4+ 48. R1f3 Qe1+ 49. Kg2 $18 {
[%eval 325,10]}) 44... Rbd8 $2 $18 ({3.31 Fritz 8:} 44... Nf5 $11 {[%eval 0,11]
}) 45. Ref1 $2 $16 ({0.84 Fritz 8:} 45. Qb6 Qg5 46. Kh1 Rxd5 47. Qc7 Qh6 48.
cxd5 Kg8 $18 {[%eval 331,10]}) 45... Nf5 46. Qb6 $11 ({0.00 Fritz 8:} 46. Qa6
Rd6 47. Qb5 Rdd8 48. Qc6 Nd6 49. R7f3 Qd2 $16 {[%eval 72,8]}) 46... Qe3+ 47.
Qxe3 Nxe3 48. R1f6 Nxd5 49. cxd5 Rxd5 50. Rxg6 e4 51. Rff6 Rde5 52. Kf2 e3+ 53.
Ke2 Rd5 54. Rd6 Rde5 55. Rgf6 Ra5 56. Ra6 Rxa6 57. Rxa6 Kg7 58. Ra3 Kf6 59.
Rxe3 Rxe3+ 60. Kxe3 Kg5 $2 $18 ({9.63 Fritz 8:} 60... Kf5 61. h3 Ke5 62. Kf3
Kf5 63. Ke2 Ke4 64. Kf2 Kd4 $14 {[%eval 62,21]}) 61. Kf3 Kf5 62. h3 Kg5 63. Ke4
h4 64. g4 Kg6 65. Kf4 Kf6 66. Ke4 $2 $11 ({0.00 Fritz 8:} 66. g5+ Kg6 67. Kg4
Kg7 68. Kxh4 Kg6 69. Kg4 Kf7 70. Kh5 $18 {[%eval 1209,14]}) 66... Kg5 $2 $18 ({
9.81 Fritz 8:} 66... Kg6 $11 {[%eval 0,34]}) 67. Ke5 Kg6 68. Kf4 $2 $11 ({
0.00 Fritz 8:} 68. Ke6 Kg5 69. Kf7 Kf4 70. Kf6 Kg3 71. g5 Kxh3 72. g6 Kg3 73.
g7 h3 74. g8=Q+ Kf2 75. Qh7 Kg3 76. Qxh3+ $18 {[%eval 997,19]}) 68... Kh6 $2
$18 ({12.78 Fritz 8:} 68... Kf6 $11 {[%eval 0,37]}) 69. Kf5 Kg7 70. Kg5 1-0

[Event "NIV-Colomiers2/Rodez"]
[Site "Colomiers"]
[Date "2009.12.13"]
[Round "4.8"]
[White "Cuq, Christian"]
[Black "Caray, Jérôme"]
[Result "1/2-1/2"]
[WhiteElo "1458"]
[BlackElo "1499"]
[Annotator "Fritz 8"]
[PlyCount "107"]
[EventDate "2009.??.??"]

1. e4 c5 2. a3 Nc6 3. Nf3 e6 {dernier coup de la bibliothèque} 4. Be2 Nf6 5. d3
Be7 6. O-O O-O 7. c3 b6 8. Bf4 Bb7 9. Nbd2 d6 10. h3 b5 11. Re1 a5 12. Bf1 Qd7
13. Bh2 Ba6 14. Rc1 Rfb8 15. e5 Ne8 16. Ne4 dxe5 17. Nxe5 Nxe5 18. Bxe5 f6 $2
$18 ({1.66 Fritz 8:} 18... Rd8 19. Qf3 Bb7 20. Qh5 f6 21. Bf4 Qd5 $11 {
[%eval 0,9]}) 19. Bxb8 Rxb8 20. Qe2 Bb7 21. Ng3 Nc7 22. Rcd1 Bd6 23. Ne4 Bf8
24. d4 c4 25. Nc5 Bxc5 26. dxc5 Bd5 27. Rd2 Qc6 28. Qe3 Na6 29. Rxd5 $15 ({
-0.63 Fritz 8:} 29. Qg3 Rd8 30. b4 cxb3 31. a4 Nxc5 32. Bxb5 Qd6 $14 {
[%eval 47,11]}) 29... Qxd5 30. g3 $17 ({-1.16 Fritz 8:} 30. Qxe6+ Qxe6 31. Rxe6
Nxc5 32. Rd6 Kf8 33. Rd5 Na4 34. Rd2 $11 {[%eval -25,12]}) 30... e5 31. c6 Qxc6
32. Rd1 Qc7 $11 ({-0.25 Fritz 8:} 32... Nc5 33. Bg2 e4 34. Rd4 f5 35. f3 Re8
36. fxe4 fxe4 37. a4 bxa4 38. Rxc4 Re5 $17 {[%eval -97,12]}) 33. Rd5 b4 $14 ({
0.56 Fritz 8:} 33... a4 34. f4 Qf7 35. Bg2 Nc7 36. Qd2 Re8 37. Rd7 Qe6 38. f5
Qb6+ $15 {[%eval -47,11]}) 34. Bg2 $11 ({-0.19 Fritz 8:} 34. Qe4 Rc8 35. Qg4
Nb8 36. Rxa5 $14 {[%eval 56,9]}) 34... bxa3 35. bxa3 Rd8 36. Qd2 Rxd5 37. Qxd5+
Kf8 38. Be4 g6 $16 ({0.97 Fritz 8:} 38... h6 39. Bh7 Ke7 40. Bg8 Nc5 41. Qf7+
Kd6 42. Qd5+ Ke7 $11 {[%eval 0,13]}) 39. Qe6 Nc5 $18 ({1.97 Fritz 8:} 39... f5
40. Bg2 Nc5 41. Qf6+ Qf7 42. Qh8+ Qg8 43. Qxe5 Nd3 44. Qd6+ Kg7 45. Bf1 $16 {
[%eval 128,11]}) 40. Qxf6+ Qf7 41. Qxe5 Nxe4 42. Qxe4 Qc7 43. Qe6 Qc5 44. Qf6+
Kg8 45. a4 $14 ({0.50 Fritz 8:} 45. Qd8+ Kg7 46. a4 Qe5 47. Qd7+ Kh6 48. Qd2+
Kg7 49. Kf1 Qc7 50. Qd4+ Kf7 51. Qh8 Ke6 $16 {[%eval 134,12]}) 45... Qd5 46.
Kh2 Qd7 47. h4 Qxa4 48. h5 gxh5 49. Qg5+ Kh8 50. Qf6+ Kg8 51. Qg5+ Kf8 52. Qh6+
Ke7 53. Qxh7+ Kd6 54. Qg6+ 1/2-1/2